[Event "III Scaccomatto A"]
[Site "Torino ITA"]
[Date "2000.11.18"]
[Round "1"]
[White "Cantore, Alberto"]
[Black "Georgiev, Vladimir"]
[Result "0-1"]
[WhiteElo "2168"]
[BlackElo "2577"]
[PlyCount "78"]
[EventDate "2000.11.18"]

1. d4 Nf6 2. Nf3 g6 3. c4 d6 4. Nc3 Bf5 5. g3 Ne4 6. Bg2 Nxc3 7. bxc3 Be4 8.
O-O Bg7 9. Bf4 O-O 10. Qc1 Re8 11. Bh6 e5 12. a4 Nc6 13. Rd1 Qe7 14. Bxg7 Kxg7
15. a5 b6 16. axb6 cxb6 17. Bf1 Na5 18. Nd2 Bb7 19. Qb2 Rac8 20. e3 Ba8 21. Qb4
h5 22. Nb3 Nxb3 23. Qxb3 Bf3 24. Re1 exd4 25. cxd4 h4 26. e4 Qf6 27. e5 dxe5
28. dxe5 Rxe5 29. Rxe5 Qxe5 30. Rxa7 Bc6 31. Qe3 Qf6 32. Qf4 Qxf4 33. gxf4 Rd8
34. Be2 Rd2 35. Kf1 Rc2 36. f3 h3 37. Ra6 Rc1+ 38. Kf2 Rh1 39. Kg3 Bd7 0-1

[Event "III Scaccomatto A"]
[Site "Torino ITA"]
[Date "2000.11.18"]
[Round "1"]
[White "Cebalo, Miso"]
[Black "Saccona, Silvano"]
[Result "1-0"]
[WhiteElo "2520"]
[BlackElo "2113"]
[PlyCount "57"]
[EventDate "2000.11.18"]

1. d4 c6 2. Nf3 Nf6 3. c4 g6 4. Nc3 Bg7 5. Bf4 d6 6. h3 Bf5 7. g4 Be4 8. Bg2
Bxf3 9. Bxf3 Qb6 10. Qd2 h5 11. O-O-O Na6 12. Na4 Qb4 13. Qc2 d5 14. Be5 Kf8
15. cxd5 cxd5 16. Kb1 Qa5 17. a3 Ne4 18. Bxe4 dxe4 19. Bxg7+ Kxg7 20. Nc3 Rac8
21. Rc1 Rxc3 22. Qxc3 Qxc3 23. bxc3 Nc7 24. Kc2 Nb5 25. Kb3 hxg4 26. hxg4 Rd8
27. e3 Kf6 28. c4 Nc7 29. c5 1-0

[Event "III Scaccomatto A"]
[Site "Torino ITA"]
[Date "2000.11.18"]
[Round "1"]
[White "De Barberis, Massimo"]
[Black "Skembris, Spyridon"]
[Result "0-1"]
[WhiteElo "2103"]
[BlackElo "2475"]
[PlyCount "28"]
[EventDate "2000.11.18"]

1. e4 e5 2. Bc4 Nf6 3. Nc3 Bc5 4. d3 c6 5. Nf3 b5 6. Bb3 d6 7. Be3 Nbd7 8. O-O
a5 9. a3 O-O 10. d4 exd4 11. Nxd4 Ne5 12. h3 a4 13. Ba2 Qb6 14. f4 Neg4 0-1

[Event "III Scaccomatto A"]
[Site "Torino ITA"]
[Date "2000.11.18"]
[Round "1"]
[White "Delchev, Aleksander"]
[Black "Maccagno, Giancarlo"]
[Result "1-0"]
[WhiteElo "2548"]
[BlackElo "2152"]
[PlyCount "75"]
[EventDate "2000.11.18"]

1. d4 f5 2. g3 Nf6 3. Bg2 g6 4. b3 Bg7 5. Bb2 c6 6. Nd2 Na6 7. Ngf3 Nc7 8. O-O
O-O 9. c4 d6 10. Qc2 Qe8 11. Rae1 Qf7 12. Ng5 Qe8 13. e4 h6 14. Ngf3 Qf7 15. e5
Nh7 16. exd6 exd6 17. c5 d5 18. Ne5 Qf6 19. f4 Be6 20. Ndf3 Rfe8 21. Nh4 Bf7
22. Qf2 Ne6 23. g4 Nhf8 24. gxf5 gxf5 25. Bh3 Ng6 26. Ng2 Nef8 27. Re3 Be6 28.
Rg3 Kh7 29. Kh1 Qd8 30. Rg1 Bf6 31. Qc2 Qc8 32. Ne3 Nxf4 33. Bxf5+ Bxf5 34.
Nxf5 N8g6 35. Nd6 Bxe5 36. Rxg6 Qh3 37. Rg7+ Kh8 38. Qh7# 1-0

[Event "III Scaccomatto A"]
[Site "Torino ITA"]
[Date "2000.11.18"]
[Round "1"]
[White "Epishin, Vladimir V."]
[Black "Van Hoolandt, Patrick"]
[Result "1-0"]
[WhiteElo "2559"]
[BlackElo "2169"]
[PlyCount "61"]
[EventDate "2000.11.18"]

1. d4 Nf6 2. c4 e6 3. Nc3 Bb4 4. e3 c5 5. Bd3 Nc6 6. Nge2 cxd4 7. exd4 d5 8.
O-O dxc4 9. Bxc4 Bd6 10. a3 O-O 11. Qd3 a6 12. Rd1 e5 13. d5 e4 14. Nxe4 Ne5
15. Qd4 Nxe4 16. Qxe4 Bg4 17. h3 f5 18. Qd4 Bh5 19. Re1 Rc8 20. Bb3 Qf6 21. Kf1
Bc5 22. Qd2 Qb6 23. Nc3 Rce8 24. Ba2 f4 25. Re4 Bg6 26. b4 Bxe4 27. Nxe4 Be3
28. d6+ Kh8 29. Qd5 Bxc1 30. Rxc1 f3 31. g3 1-0

[Event "III Scaccomatto A"]
[Site "Torino ITA"]
[Date "2000.11.18"]
[Round "1"]
[White "Faraoni, Enrico"]
[Black "Ulibin, Mikhail"]
[Result "0-1"]
[WhiteElo "2174"]
[BlackElo "2568"]
[PlyCount "56"]
[EventDate "2000.11.18"]

1. e4 e6 2. d4 d5 3. exd5 exd5 4. c4 Nf6 5. Bd3 dxc4 6. Bxc4 Bd6 7. Ne2 O-O 8.
h3 Bf5 9. Nbc3 Nc6 10. Be3 Qd7 11. Qd2 Rae8 12. a3 a6 13. Bd3 h6 14. Bxf5 Qxf5
15. O-O Na5 16. Rae1 Nc4 17. Qc1 Nxe3 18. fxe3 Qg5 19. Rf3 Re7 20. Ref1 Rfe8
21. Nf4 c5 22. Qd2 cxd4 23. exd4 Nh5 24. h4 Qxh4 25. Rh3 Bxf4 26. Rxh4 Bxd2 27.
Rxh5 Be3+ 28. Kh1 Bxd4 0-1

[Event "III Scaccomatto A"]
[Site "Torino ITA"]
[Date "2000.11.18"]
[Round "1"]
[White "Racioppo, Paolo"]
[Black "Fittante, Giuliana"]
[Result "1-0"]
[WhiteElo "2189"]
[BlackElo "1812"]
[PlyCount "74"]
[EventDate "2000.11.18"]

1. e4 e5 2. Bc4 Nf6 3. Qe2 Nc6 4. c3 d6 5. d3 Be7 6. Nf3 O-O 7. h3 Na5 8. Bb5
c6 9. Ba4 b5 10. Bc2 Nb7 11. Nbd2 a5 12. Nf1 Re8 13. g4 g6 14. Ng3 b4 15. g5
Nd7 16. h4 d5 17. h5 dxe4 18. hxg6 hxg6 19. Qxe4 Kg7 20. Qxc6 Ndc5 21. Nh5+ Kg8
22. Nf6+ Bxf6 23. Qxf6 Qxf6 24. gxf6 Bf5 25. Bh6 Bg4 26. Ng5 Ra6 27. Bg7 Bh5
28. f3 Nd6 29. Kf2 Nf5 30. d4 Nxg7 31. fxg7 exd4 32. cxd4 Ne6 33. Rhe1 Nxg7 34.
Bb3 Rxe1 35. Bxf7+ Kf8 36. Rxe1 Rf6 37. Bb3 Nf5 1-0

[Event "III Scaccomatto A"]
[Site "Torino ITA"]
[Date "2000.11.18"]
[Round "1"]
[White "Raviola, Giuseppe"]
[Black "Genova, Ruzka"]
[Result "1-0"]
[WhiteElo "1909"]
[BlackElo "2191"]
[PlyCount "116"]
[EventDate "2000.11.18"]

1. e4 c5 2. Nf3 e6 3. d4 cxd4 4. Nxd4 Nf6 5. Nc3 d6 6. Bg5 Be7 7. Qd2 a6 8. Be2
O-O 9. h4 Nbd7 10. O-O-O Qc7 11. h5 Re8 12. g4 b5 13. Bxf6 Nxf6 14. a3 Bb7 15.
f3 Nd7 16. g5 Bf8 17. g6 fxg6 18. hxg6 h6 19. f4 Nc5 20. Bf3 Rac8 21. Rde1 Qe7
22. Bg4 Qf6 23. Kb1 Rc7 24. e5 dxe5 25. fxe5 Qd8 26. Rhf1 Rd7 27. Rd1 Qb6 28.
Qf4 Qd8 29. b4 Na4 30. Nxa4 bxa4 31. Bxe6+ Rxe6 32. Qxf8+ Qxf8 33. Rxf8+ Kxf8
34. Nxe6+ Ke7 35. Rxd7+ Kxd7 36. Nc5+ Kc7 37. Nxb7 Kxb7 38. Kc1 Kc7 39. Kd2 Kd7
40. Ke3 Ke6 41. Ke4 h5 42. c4 h4 43. Kf4 h3 44. Kg3 Kxe5 45. Kxh3 Kd4 46. c5
Kd5 47. Kg4 a5 48. bxa5 Kxc5 49. Kf5 Kb5 50. Ke6 Kxa5 51. Kf7 Kb5 52. Kxg7 Kc4
53. Kh7 Kb3 54. g7 Kxa3 55. g8=Q Kb2 56. Qg2+ Kb3 57. Qf3+ Kb2 58. Qe2+ Kb3 1-0

[Event "III Scaccomatto A"]
[Site "Torino ITA"]
[Date "2000.11.18"]
[Round "1"]
[White "Romanishin, Oleg M."]
[Black "Spinelli, Doriano"]
[Result "1-0"]
[WhiteElo "2602"]
[BlackElo "2189"]
[PlyCount "53"]
[EventDate "2000.11.18"]

1. Nf3 d5 2. d4 e6 3. g3 f5 4. Bg2 Nf6 5. Bf4 Bd6 6. Be5 c6 7. O-O O-O 8. Nbd2
b6 9. c4 Qe7 10. Rc1 Bb7 11. c5 bxc5 12. Bxd6 Qxd6 13. Qb3 Qe7 14. Rxc5 Na6 15.
Ra5 Qc7 16. Qa3 Qb6 17. Nb3 Ne4 18. Ne5 Bc8 19. Rc1 Nb4 20. Nc5 Nd6 21. e3 Rd8
22. Bf1 Nf7 23. Nxf7 Kxf7 24. Rc3 Bd7 25. Rb3 Nc2 26. Rxb6 Nxa3 27. Rb7 1-0

[Event "III Scaccomatto A"]
[Site "Torino ITA"]
[Date "2000.11.18"]
[Round "1"]
[White "Soncin, Denis"]
[Black "Gleizerov, Evgeny"]
[Result "0-1"]
[WhiteElo "2147"]
[BlackElo "2569"]
[PlyCount "58"]
[EventDate "2000.11.18"]

1. e4 e6 2. Qe2 c5 3. Nf3 Nc6 4. g3 g6 5. Bg2 Bg7 6. c3 Nge7 7. O-O O-O 8. Na3
Rb8 9. Rd1 d5 10. d3 e5 11. Nc2 h6 12. h4 Bg4 13. Ne3 Be6 14. Nc2 Re8 15. Bd2
Qc7 16. Rac1 dxe4 17. dxe4 Bxa2 18. Be3 Na5 19. Na3 Bb3 20. Rd2 a6 21. h5 Be6
22. Rdd1 Nb3 23. Rb1 f5 24. hxg6 f4 25. Bd2 Nxg6 26. Nh2 Qe7 27. Qh5 Qg5 28.
Bf3 Nxd2 29. Rxd2 fxg3 0-1

[Event "III Scaccomatto A"]
[Site "Torino ITA"]
[Date "2000.11.18"]
[Round "1"]
[White "Straub, Peter"]
[Black "Mrdja, Milan"]
[Result "0-1"]
[WhiteElo "2086"]
[BlackElo "2431"]
[PlyCount "86"]
[EventDate "2000.11.18"]

1. d4 Nf6 2. Nf3 g6 3. c4 Bg7 4. g3 O-O 5. Bg2 c6 6. O-O d6 7. h3 Nbd7 8. Nc3
e5 9. e4 a6 10. Be3 b5 11. dxe5 dxe5 12. Qd6 Bb7 13. Rfd1 Re8 14. Qd3 Qe7 15.
a3 Red8 16. Qc2 Rdc8 17. Rac1 a5 18. Nd2 b4 19. axb4 axb4 20. Na4 c5 21. b3 Bc6
22. Nb2 Nf8 23. Nd3 N6d7 24. h4 Ne6 25. Ra1 Bb7 26. Qb2 Nd4 27. Bh3 Bc6 28. Kf1
Rf8 29. Rxa8 Rxa8 30. Nc1 Nf6 31. f3 Qa7 32. Nd3 Nh5 33. Kf2 Bf6 34. Bg4 Ng7
35. Bh6 Ne8 36. Rh1 Qe7 37. Ne1 Bg7 38. Be3 f5 39. Bh3 fxe4 40. fxe4 Nf6 41.
Qb1 Qb7 42. Nd3 Nxe4+ 43. Nxe4 Bxe4 0-1

[Event "III Scaccomatto A"]
[Site "Torino ITA"]
[Date "2000.11.18"]
[Round "1"]
[White "Valenti, Giuseppe"]
[Black "Diana, Riccardo"]
[Result "1/2-1/2"]
[WhiteElo "2190"]
[BlackElo "1947"]
[PlyCount "125"]
[EventDate "2000.11.18"]

1. e4 e5 2. Nf3 Nf6 3. Nxe5 d6 4. Nf3 Nxe4 5. d4 d5 6. Bd3 Bd6 7. O-O O-O 8. c4
c6 9. Re1 Re8 10. Nc3 Nxc3 11. Rxe8+ Qxe8 12. bxc3 Nd7 13. Qb3 dxc4 14. Bxc4
Nb6 15. Bd3 h6 16. Bd2 Be6 17. c4 Qe7 18. Qc2 Bc7 19. Re1 Re8 20. a4 Qd8 21. h3
Bc8 22. Bh7+ Kh8 23. Be4 Nd7 24. Be3 Nf6 25. Bd3 Kg8 26. Rd1 Qd6 27. Ne5 Qe7
28. Nf3 Qd6 29. Ne5 Qe7 30. f4 Rd8 31. Qf2 Bb6 32. g4 Kf8 33. g5 Ng8 34. Bg6
Be6 35. f5 Bxc4 36. Nxc4 fxg6 37. fxg6+ Ke8 38. Rf1 hxg5 39. Qf7+ Kd7 40. Ne5+
Kc8 41. Qxe7 Nxe7 42. Rf7 Nd5 43. Bxg5 Bxd4+ 44. Kf1 Bxe5 45. Bxd8 Kxd8 46.
Rxb7 Bd4 47. Ke2 Nf4+ 48. Kf3 Nxg6 49. Ke4 Bf6 50. Rxa7 Ne7 51. Rb7 Kc8 52. Rb3
Nd5 53. a5 Nc3+ 54. Kd3 Nb5 55. Kc4 Kb7 56. Rd3 Ka6 57. Kc5 Na7 58. Rd7 Bb2 59.
Rf7 g5 60. Kc4 Bc1 61. Rf5 Nb5 62. Rf6 Na7 63. Rf5 1/2-1/2

[Event "III Scaccomatto A"]
[Site "Torino ITA"]
[Date "2000.11.19"]
[Round "2"]
[White "Antoniacci, Riccardo"]
[Black "Cantore, Alberto"]
[Result "1-0"]
[WhiteElo "2065"]
[BlackElo "2168"]
[PlyCount "67"]
[EventDate "2000.11.18"]

1. e4 c5 2. Nf3 d6 3. d4 cxd4 4. Nxd4 Nf6 5. Nc3 g6 6. Be3 Bg7 7. f3 Nc6 8. Qd2
Bd7 9. g4 h5 10. g5 Nh7 11. O-O-O Qa5 12. h4 O-O 13. Nb3 Bxc3 14. Nxa5 Bxd2+
15. Bxd2 Ne5 16. Be2 b5 17. Bc3 f6 18. Rhg1 Kf7 19. f4 Ng4 20. Rg3 Rab8 21. a3
Rfc8 22. Rf3 Rc7 23. e5 dxe5 24. fxe5 Bf5 25. exf6 exf6 26. Rd6 Rb6 27. Rd8
fxg5 28. Bd3 Ke6 29. Nb3 gxh4 30. Bxf5+ gxf5 31. Nd4+ Ke7 32. Rh8 Ng5 33. Rxf5
Ne6 34. Bb4+ 1-0

[Event "III Scaccomatto A"]
[Site "Torino ITA"]
[Date "2000.11.19"]
[Round "2"]
[White "Diana, Riccardo"]
[Black "Spinelli, Doriano"]
[Result "1-0"]
[WhiteElo "1947"]
[BlackElo "2189"]
[PlyCount "125"]
[EventDate "2000.11.18"]

1. c4 e6 2. Nf3 d5 3. d4 Be7 4. Nc3 Nf6 5. Bg5 h6 6. Bxf6 Bxf6 7. e3 O-O 8. Rc1
b6 9. cxd5 exd5 10. Bd3 Bb7 11. O-O Re8 12. Re1 a6 13. Ne2 Nd7 14. Bb1 Nf8 15.
Nf4 g6 16. Nd3 Rc8 17. b4 Qd6 18. Qb3 Ne6 19. Nde5 Ng5 20. Rc3 Nxf3+ 21. Nxf3
Qf8 22. Rec1 c6 23. a4 Be7 24. b5 axb5 25. axb5 c5 26. Ne5 cxd4 27. exd4 Rxc3
28. Qxc3 Ba3 29. Rd1 Qd6 30. Qf3 Qe7 31. Bd3 Bd6 32. Ng4 Kg7 33. g3 Ra8 34. Ne3
Ra4 35. Bf1 Rb4 36. Qe2 h5 37. Qd3 Qe6 38. Bg2 f5 39. Rb1 Rxb1+ 40. Qxb1 f4 41.
gxf4 Bxf4 42. Qb3 Qe7 43. h3 Kh7 44. Kf1 Qg5 45. Qa3 Bb8 46. Qc3 Qd8 47. Qb3
Qc8 48. Qc2 Qd7 49. Qb3 Bf4 50. Kg1 Qc8 51. Nxd5 Qc1+ 52. Bf1 Bd6 53. Ne3 Qc7
54. Bg2 Qc1+ 55. Qd1 Qc7 56. Bxb7 Qxb7 57. Qc2 Qf3 58. Qc6 Qf4 59. Qd7+ Kh6 60.
d5 Bc5 61. Qe6 Qb4 62. h4 Qxb5 63. Nf5+ 1-0

[Event "III Scaccomatto A"]
[Site "Torino ITA"]
[Date "2000.11.19"]
[Round "2"]
[White "Fittante, Giuliana"]
[Black "De Barberis, Massimo"]
[Result "0-1"]
[WhiteElo "1812"]
[BlackElo "2103"]
[PlyCount "58"]
[EventDate "2000.11.18"]

1. d4 Nf6 2. Nf3 e6 3. Bg5 h6 4. Bh4 d6 5. e3 g5 6. Bg3 Ne4 7. Bd3 Nxg3 8. hxg3
Bg7 9. Nbd2 Nd7 10. c3 a6 11. Qe2 c5 12. Ne4 Qc7 13. g4 c4 14. Bc2 b5 15. a4
Bb7 16. Kd2 Ke7 17. Ng3 Nf6 18. Nh5 Nxh5 19. Rxh5 Rhc8 20. Rc1 b4 21. Bb1 Qa5
22. Ke1 Qxa4 23. Nd2 bxc3 24. Rxc3 Qa1 25. Rxc4 Qxb2 26. Qd3 Bd5 27. Rxc8 Rxc8
28. f4 Rc1+ 29. Ke2 Bc4 0-1

[Event "III Scaccomatto A"]
[Site "Torino ITA"]
[Date "2000.11.19"]
[Round "2"]
[White "Genova, Ruzka"]
[Black "Valenti, Giuseppe"]
[Result "1-0"]
[WhiteElo "2191"]
[BlackElo "2190"]
[PlyCount "113"]
[EventDate "2000.11.18"]

1. d4 Nf6 2. Nf3 e6 3. c4 b6 4. g3 Bb7 5. Bg2 Be7 6. Nc3 O-O 7. Qc2 d5 8. cxd5
exd5 9. O-O Na6 10. Bg5 h6 11. Bxf6 Bxf6 12. Rad1 Re8 13. Rfe1 c5 14. dxc5 Bxc3
15. bxc3 bxc5 16. e4 c4 17. exd5 Nc5 18. Rxe8+ Qxe8 19. Nd4 Nd3 20. Qd2 Qd7 21.
Nc6 Re8 22. Nb4 Nxb4 23. cxb4 Qd6 24. Qc3 Rc8 25. a3 Rc7 26. Qd4 c3 27. Rc1 c2
28. Qd2 Rd7 29. Rxc2 Bxd5 30. Rc8+ Kh7 31. Bxd5 Qxd5 32. Qxd5 Rxd5 33. Rc7 a5
34. Rxf7 axb4 35. axb4 Rb5 36. Rf4 g5 37. Re4 Kg6 38. Kg2 Kf5 39. f3 h5 40. h3
Rd5 41. g4+ hxg4 42. hxg4+ Kf6 43. Rc4 Rd2+ 44. Kg3 Rb2 45. Rc6+ Ke5 46. Rg6
Rxb4 47. Rxg5+ Kf6 48. Ra5 Kg6 49. Ra6+ Kg7 50. f4 Rb7 51. f5 Kf7 52. Kf4 Kg7
53. Kg5 Rc7 54. Kh5 Rc1 55. Kg5 Rc7 56. Re6 Kh7 57. Kh5 1-0

[Event "III Scaccomatto A"]
[Site "Torino ITA"]
[Date "2000.11.19"]
[Round "2"]
[White "Georgiev, Vladimir"]
[Black "Quinn, Mark Peter"]
[Result "1-0"]
[WhiteElo "2577"]
[BlackElo "2381"]
[PlyCount "55"]
[EventDate "2000.11.18"]

1. Nf3 c5 2. c4 Nc6 3. Nc3 g6 4. e3 d6 5. d4 Bg4 6. Be2 cxd4 7. exd4 Bg7 8. Be3
Nh6 9. d5 Bxf3 10. Bxf3 Ne5 11. Be2 Nf5 12. Bf4 h5 13. Rc1 a6 14. O-O Rc8 15.
Ne4 Nd7 16. b4 O-O 17. Re1 Nf6 18. Bd3 Qd7 19. Qd2 Ng4 20. h3 Ne5 21. Bxe5 Bxe5
22. Nc5 Rxc5 23. bxc5 Nd4 24. cxd6 exd6 25. c5 Bg7 26. c6 bxc6 27. dxc6 Nxc6
28. Bxg6 1-0

[Event "III Scaccomatto A"]
[Site "Torino ITA"]
[Date "2000.11.19"]
[Round "2"]
[White "Gleizerov, Evgeny"]
[Black "Racioppo, Paolo"]
[Result "1-0"]
[WhiteElo "2569"]
[BlackElo "2189"]
[PlyCount "147"]
[EventDate "2000.11.18"]

1. d4 d5 2. c4 e6 3. Nf3 Nf6 4. g3 c6 5. Bg2 dxc4 6. Ne5 Be7 7. O-O O-O 8. Nxc4
Nbd7 9. Nc3 Nb6 10. Ne5 Nfd7 11. Nf3 Nd5 12. Bd2 b6 13. e4 Nxc3 14. Bxc3 Bb7
15. Qe2 a5 16. Rfd1 Qe8 17. h4 b5 18. Bd2 b4 19. Bf4 Nf6 20. Ne5 Ba6 21. Qc2
Rc8 22. Nc4 Qd8 23. Rac1 Bb5 24. Bf3 a4 25. Be5 Ne8 26. Kg2 Nd6 27. Ne3 Qb6 28.
Bf4 Nb7 29. h5 Na5 30. b3 axb3 31. axb3 c5 32. d5 c4 33. d6 Bd8 34. d7 Rc6 35.
bxc4 Nxc4 36. Nxc4 Rxc4 37. Qd2 f6 38. Rxc4 Bxc4 39. Rc1 b3 40. Qc3 Bb5 41. h6
Bxd7 42. hxg7 Rf7 43. Rb1 e5 44. Be3 Qe6 45. Rxb3 Qh3+ 46. Kg1 Kxg7 47. Bg2 Qh5
48. Qd2 Be6 49. Rd3 Be7 50. Bf3 Qh3 51. Bg2 Qh5 52. f4 Bh3 53. f5 Bxg2 54. Kxg2
Bf8 55. Rd8 h6 56. Qc2 Qg4 57. Rd1 Rb7 58. Rh1 Kh7 59. Rh4 Qg7 60. Qc6 Qf7 61.
Rg4 Rb2+ 62. Kh3 Qa2 63. Bg1 Qf7 64. Rg6 Bg7 65. Qc1 Rb7 66. Be3 Qf8 67. Qd1
Qa3 68. Qd5 Qb3 69. Qd2 Qb4 70. Qg2 Qc4 71. Qf3 Rb4 72. Rg4 Rb1 73. Kg2 Rb2+
74. Bf2 1-0

[Event "III Scaccomatto A"]
[Site "Torino ITA"]
[Date "2000.11.19"]
[Round "2"]
[White "Jurkovic, Ante"]
[Black "Cebalo, Miso"]
[Result "1/2-1/2"]
[WhiteElo "2370"]
[BlackElo "2520"]
[PlyCount "122"]
[EventDate "2000.11.18"]

1. e4 c5 2. Nf3 d6 3. d4 cxd4 4. Nxd4 Nf6 5. Nc3 g6 6. Be3 Bg7 7. f3 O-O 8. Qd2
Nc6 9. Bc4 Bd7 10. O-O-O Ne5 11. Bb3 Qa5 12. Bh6 Rfc8 13. Bxg7 Kxg7 14. h4 h5
15. g4 hxg4 16. h5 Rh8 17. hxg6 fxg6 18. f4 Nf7 19. Bxf7 Kxf7 20. Rhe1 Bc6 21.
e5 Nh5 22. exd6 exd6 23. Nxc6 bxc6 24. Qxd6 Rhe8 25. Qd7+ Kf8 26. Qh7 Qf5 27.
Kb1 Nf6 28. Qh6+ Kf7 29. Re5 Rxe5 30. fxe5 Qxe5 31. Rf1 Rg8 32. Qh1 Kg7 33. Re1
Qc7 34. Qg1 Rd8 35. Qc5 Rd7 36. Qg5 Qd6 37. Rf1 Re7 38. a3 Qe5 39. Qh4 Rf7 40.
Rh1 Qh5 41. Qe1 Qf5 42. Qe3 Kg8 43. Qe1 Kg7 44. Rf1 Qc5 45. Qh4 Qc4 46. Re1 Qf4
47. Ne2 g5 48. Qh1 Qf2 49. Nc1 Qf3 50. Qg1 g3 51. Nd3 Ng4 52. Qd4+ Kh7 53. Re8
Nf6 54. Re1 g2 55. Ne5 Qg3 56. Rg1 Re7 57. Nd3 Kg6 58. Qc5 Re6 59. Qc4 Rd6 60.
Qc5 Re6 61. Qc4 Rd6 1/2-1/2

[Event "III Scaccomatto A"]
[Site "Torino ITA"]
[Date "2000.11.19"]
[Round "2"]
[White "Lazic, Miroljub"]
[Black "Romanishin, Oleg M."]
[Result "1/2-1/2"]
[WhiteElo "2488"]
[BlackElo "2602"]
[PlyCount "107"]
[EventDate "2000.11.18"]

1. Nf3 Nf6 2. b3 g6 3. Bb2 Bg7 4. d4 d5 5. e3 O-O 6. c4 c5 7. dxc5 Qa5+ 8. Nbd2
Qxc5 9. Rc1 Nc6 10. cxd5 Qxd5 11. Bc4 Qh5 12. O-O Rd8 13. Be2 Qf5 14. a3 Ne4
15. Bxg7 Nxd2 16. Nxd2 Kxg7 17. Bf3 Qa5 18. b4 Qxa3 19. Bxc6 Qxb4 20. Rc4 Qxd2
21. Qa1+ Kg8 22. Bf3 Be6 23. Rc7 Rd7 24. Rxd7 Qxd7 25. Rb1 Rc8 26. Rxb7 Qd2 27.
Rb1 Qc3 28. Qa4 Qc2 29. Qa1 Qa2 30. h4 Qxa1 31. Rxa1 Rc7 32. h5 g5 33. h6 f5
34. Ra6 Bf7 35. g4 fxg4 36. Bxg4 Bg6 37. Ra5 Kf7 38. Rxg5 Kf6 39. Ra5 e6 40. f4
Bf7 41. e4 Kg6 42. Ra6 Kxh6 43. Bxe6 Bxe6 44. Rxe6+ Kh5 45. f5 Kg4 46. Kf2 Kf4
47. f6 Rf7 48. e5 Kf5 49. Re8 a5 50. Ke3 a4 51. Kd4 a3 52. Ra8 Rd7+ 53. Ke3
Kxe5 54. Rxa3 1/2-1/2

[Event "III Scaccomatto A"]
[Site "Torino ITA"]
[Date "2000.11.19"]
[Round "2"]
[White "Rossi, Giampiero"]
[Black "Faraoni, Enrico"]
[Result "1-0"]
[WhiteElo "2101"]
[BlackElo "2174"]
[PlyCount "109"]
[EventDate "2000.11.18"]

1. d4 Na6 2. c4 g6 3. g3 Bg7 4. Bg2 c6 5. Nf3 d6 6. Nc3 Qa5 7. O-O Qh5 8. Ne1
Nf6 9. f3 Qa5 10. Qd2 h5 11. b3 h4 12. g4 h3 13. Bh1 Rh4 14. e3 Qg5 15. Ne2
Bxg4 16. fxg4 Rxg4+ 17. Ng3 Rxg3+ 18. hxg3 Qxg3+ 19. Bg2 Ne4 20. Qc2 hxg2 21.
Qxg2 Qxg2+ 22. Kxg2 f5 23. Nd3 Kf7 24. Bb2 Bh6 25. Rac1 Bg5 26. Rh1 Rg8 27.
Rh7+ Rg7 28. Rxg7+ Kxg7 29. d5+ Bf6 30. Bxf6+ Kxf6 31. dxc6 bxc6 32. Rh1 Nc3
33. a3 Kg7 34. Ra1 Kf6 35. Nb4 Nb8 36. Rh1 c5 37. Nc2 Nc6 38. Rh8 Na5 39. Ra8
Nxb3 40. Rxa7 Nd2 41. a4 Nxc4 42. a5 Na4 43. a6 Ncb6 44. Rb7 Na8 45. Rb8 N4b6
46. a7 e5 47. Na3 d5 48. Nb5 c4 49. Kf2 f4 50. exf4 exf4 51. Nc7 Nxc7 52. Rxb6+
Ke5 53. Rc6 Na8 54. Rc8 Nb6 55. Rb8 1-0

[Event "III Scaccomatto A"]
[Site "Torino ITA"]
[Date "2000.11.19"]
[Round "2"]
[White "Sarno, Spartaco"]
[Black "Delchev, Aleksander"]
[Result "0-1"]
[WhiteElo "2398"]
[BlackElo "2548"]
[PlyCount "114"]
[EventDate "2000.11.18"]

1. c4 e5 2. Nc3 Bb4 3. Nd5 Be7 4. d4 d6 5. Nf3 e4 6. Nd2 f5 7. e3 Nf6 8. Be2
Nxd5 9. cxd5 O-O 10. O-O Nd7 11. Nb1 Nf6 12. Nc3 Kh8 13. Bd2 c6 14. dxc6 bxc6
15. Rc1 Rb8 16. b4 Qe8 17. Qa4 a6 18. Bxa6 Ra8 19. b5 d5 20. Qb3 Bxa6 21. bxa6
Bd6 22. f4 Rxa6 23. Qb7 Qa8 24. Rb1 Kg8 25. h3 h5 26. Rfc1 Qxb7 27. Rxb7 Rf7
28. Rcb1 Bc7 29. R1b2 Ne8 30. Rc2 Nd6 31. Rxc7 Rxc7 32. Nxd5 cxd5 33. Rxc7 Nc4
34. Be1 Nxe3 35. Rc3 Nc4 36. Rc2 Rb6 37. Kf2 Rb1 38. Ke2 e3 39. Bh4 Rg1 40. Kd3
Rd1+ 41. Kc3 Nd6 42. a4 Ne4+ 43. Kb3 Rd3+ 44. Kb2 Rxd4 45. a5 Ra4 46. Bd8 d4
47. Bb6 Nd2 48. Rc8+ Kh7 49. Kc2 Nc4 50. Re8 Nxa5 51. Re6 Rc4+ 52. Kd3 Rc6 53.
Re5 Rxb6 54. Rxa5 Re6 55. Ra1 Re4 56. g4 Rxf4 57. gxf5 Kg8 0-1

[Event "III Scaccomatto A"]
[Site "Torino ITA"]
[Date "2000.11.19"]
[Round "2"]
[White "Skembris, Spyridon"]
[Black "Raviola, Giuseppe"]
[Result "1-0"]
[WhiteElo "2475"]
[BlackElo "1909"]
[PlyCount "67"]
[EventDate "2000.11.18"]

1. d4 Nf6 2. c4 e6 3. Nc3 d5 4. Nf3 Be7 5. Bg5 Nbd7 6. e3 b6 7. cxd5 exd5 8.
Bb5 Bb7 9. Ne5 O-O 10. Nc6 Qe8 11. Nxe7+ Qxe7 12. Bxd7 Qxd7 13. Bxf6 gxf6 14.
Qf3 Qd6 15. Qg3+ Qxg3 16. hxg3 Rad8 17. Rh5 c6 18. Kd2 Kg7 19. Rah1 Rh8 20. Ne2
Bc8 21. Nf4 Rd6 22. Rh6 Bf5 23. f3 c5 24. R6h5 Bg6 25. dxc5 bxc5 26. Rxd5 Rxd5+
27. Nxd5 Rd8 28. e4 f5 29. Rc1 fxe4 30. Rxc5 f5 31. Ke3 h5 32. Nf4 Rd6 33. fxe4
fxe4 34. Rg5 1-0

[Event "III Scaccomatto A"]
[Site "Torino ITA"]
[Date "2000.11.19"]
[Round "2"]
[White "Van Hoolandt, Patrick"]
[Black "Straub, Peter"]
[Result "1/2-1/2"]
[WhiteElo "2169"]
[BlackElo "2086"]
[PlyCount "136"]
[EventDate "2000.11.18"]

1. c4 e5 2. Nc3 Nc6 3. g3 Nf6 4. Bg2 d6 5. d3 h6 6. Rb1 a6 7. b4 g6 8. Nf3 Bg7
9. O-O O-O 10. Nd2 Qe7 11. a4 Bf5 12. Nde4 Nxe4 13. Nd5 Qd8 14. dxe4 Be6 15. b5
axb5 16. cxb5 Ne7 17. b6 Nxd5 18. exd5 Bd7 19. bxc7 Qxc7 20. Rb4 Rfc8 21. Bd2
Qc2 22. a5 Ra7 23. e4 Qa2 24. Rb1 Rc2 25. Ra1 Qc4 26. Be3 Ra8 27. Re1 Rc8 28.
Qb1 Qb5 29. Bf1 Qxb1 30. Rexb1 R8c7 31. Ba7 Bc8 32. Bb8 Rd7 33. Bh3 Rd8 34. Bf1
f5 35. exf5 gxf5 36. Rc1 Rc5 37. Bxd6 Rxc1 38. Rxc1 Kh7 39. Bg2 Rxd6 40. Rxc8
e4 41. Rc5 Kg6 42. Kf1 Bd4 43. Rb5 Kf6 44. Ke2 Ra6 45. f3 exf3+ 46. Bxf3 Bc3
47. Rxb7 Bxa5 48. Kd3 Rb6 49. Ra7 Bb4 50. Kd4 Bd6 51. Bh5 Rb4+ 52. Kc3 Re4 53.
Rh7 Kg5 54. Bd1 Re7 55. Rxe7 Bxe7 56. Kc4 f4 57. g4 Kf6 58. Kd4 Bd6 59. Bf3 Ba3
60. Kc4 Ke5 61. h3 Be7 62. Kb5 Kd6 63. Kb6 Bd8+ 64. Kb7 Kd7 65. Be4 Bh4 66. Kb6
Kd6 67. Kb5 Ke5 68. Bf3 Kd4 1/2-1/2

[Event "III Scaccomatto A"]
[Site "Torino ITA"]
[Date "2000.11.20"]
[Round "3"]
[White "Cantore, Alberto"]
[Black "Fittante, Giuliana"]
[Result "0-1"]
[WhiteElo "2168"]
[BlackElo "1812"]
[PlyCount "90"]
[EventDate "2000.11.18"]

1. c4 e5 2. Nf3 d6 3. Nc3 f5 4. d4 e4 5. Ng1 Nf6 6. e3 Be7 7. b4 d5 8. Qb3 c6
9. Nh3 Na6 10. c5 Nc7 11. Be2 O-O 12. Bd2 Kh8 13. a4 Ne6 14. Nf4 Nxf4 15. exf4
Qe8 16. Be3 Qg6 17. g3 a6 18. Kd2 Bd7 19. h3 Ne8 20. b5 axb5 21. axb5 Nc7 22.
b6 Ne6 23. Ra7 Rab8 24. Qb4 Qf6 25. Kc2 Rfd8 26. Rd1 Be8 27. Na4 Qh6 28. h4 Bh5
29. Bxh5 Qxh5 30. Qe1 Bf6 31. Nc3 Nxc5 32. dxc5 d4 33. Nb1 dxe3 34. Rxd8+ Bxd8
35. Qxe3 Qf7 36. Nd2 Bf6 37. Qa3 Qg8 38. f3 exf3 39. Qxf3 h6 40. Qa3 Kh7 41.
Qa4 Qd5 42. Qb4 Bd4 43. Ra5 Rd8 44. Qc4 Qg2 45. Qd3 Rd5 0-1

[Event "III Scaccomatto A"]
[Site "Torino ITA"]
[Date "2000.11.20"]
[Round "3"]
[White "Cebalo, Miso"]
[Black "Ulibin, Mikhail"]
[Result "1/2-1/2"]
[WhiteElo "2520"]
[BlackElo "2568"]
[PlyCount "93"]
[EventDate "2000.11.18"]

1. d4 e6 2. c4 f5 3. g3 Nf6 4. Bg2 c6 5. Nf3 d5 6. O-O Bd6 7. b3 Qe7 8. Qc2 O-O
9. Ne5 Bd7 10. Bb2 Be8 11. Nd2 Bh5 12. Ndf3 Nbd7 13. a4 Rac8 14. c5 Bxe5 15.
dxe5 Ne4 16. b4 f4 17. Bd4 a5 18. Rfc1 axb4 19. a5 Rf7 20. Rab1 Nc3 21. Rxb4
Nb5 22. Qd2 fxg3 23. hxg3 h6 24. Bb2 Rcf8 25. Qc2 Bxf3 26. exf3 Rxf3 27. Bxf3
Rxf3 28. Kg2 Rf8 29. Rg4 Rf5 30. Rh1 Qxc5 31. Qd2 h5 32. Rg5 d4 33. Rxf5 exf5
34. Qg5 Qd5+ 35. f3 Qa2 36. Qd8+ Nf8 37. Kh3 f4 38. Bxd4 Qe6+ 39. Kg2 Qa2+ 40.
Bf2 fxg3 41. Kxg3 Nc3 42. Rh4 Qc2 43. e6 Qg6+ 44. Kh2 Qc2 45. Kg1 Qg6+ 46. Kh2
Qc2 47. Kg1 1/2-1/2